000 00522nam a2200193Ia 4500
005 20250609101143.0
008 008 250516s9999 xx 000 0 eng d
020 _a9781032889535
040 _beng
_cSDCL
041 _aeng
_2eng
084 _aQ7:(V4) R4
100 _aArif, Nasr M.
_9809676
245 0 _aSoutheast Asian Islam :
_bIntegration and indigenisation
260 _aLondon:
_bRoutledge,
_c2024.
300 _axi,305p.
650 _aHistory
700 _aPanakkal, Abbas
_9809677
942 _cTEXL
_2CC
999 _c1429715
_d1429715